LEADER 01396nam0 22003131i 450 001 SUN0017398 005 20140625025023.238 010 $a00-7025-224-6 100 $a20040607d1998 |0engc50 ba 101 $aeng 102 $aGB 105 $a|||| ||||| 200 1 $aFundamentals of polymers$fAnil Kumar, Rakesh K. Gupta 210 $aNew York$cMcGraw-Hill$d1998 215 $a544 p.$cill.$d25 cm. 410 1$1001SUN0034351$12001 $aMcGraw-Hill chemical engineering series$1210 $aNew York$cMcGraw-Hill. 620 $aUS$dNew York$3SUNL000011 676 $a668.9$cIngegneria chimica. Polimeri e polimerizzazione$v21 700 1$aKumar$b, Anil$3SUNV013308$0335969 701 1$aGupta$b, Rakesh K.$3SUNV013309$022812 712 $aMcGraw Hill$3SUNV000135$4650 790 1$aGupta, Rakesh Kumar$zGupta, Rakesh K.$3SUNV060240 790 1$aGupta, R. K.$zGupta, Rakesh K.$3SUNV060241 801 $aIT$bSOL$c20181109$gRICA 912 $aSUN0017398 950 $aUFFICIO DI BIBLIOTECA DEL DIPARTIMENTO DI SCIENZE E TECNOLOGIE AMBIENTALI BIOLOGICHE E FARMACEUTICHE$d17 CONS Nf5 $e17 FSA1126 995 $aUFFICIO DI BIBLIOTECA DEL DIPARTIMENTO DI SCIENZE E TECNOLOGIE AMBIENTALI BIOLOGICHE E FARMACEUTICHE$bIT-CE0101$gFSA$h1126$kCONS Nf5$oc$qa 996 $aFundamentals of polymers$91428788 997 $aUNICAMPANIA LEADER 01829oem 2200565 450 001 9910713758003321 005 20200731083250.0 035 $a(CKB)5470000002504103 035 $a(OCoLC)966641067 035 $a(EXLCZ)995470000002504103 100 $a20161221d1989 da 101 0 $aeng 120 $ab|||||||||||| 121 $a||||||||| 124 $bd 135 $aurcn||||||||| 181 $ccri$2rdacontent 182 $cc$2rdamedia 183 $acr$2rdacarrier 200 10$aPrecipitation, streamflow, and base flow in west-central Texas, December 1974 through March 1977 /$fby Eve L. Kuniansky 210 1$aAustin, Texas :$cDepartment of the Interior, U.S. Geological Survey,$d1989. 215 $a1 online resource (4 maps) $ccolor 225 1 $aWater-resources investigations report ;$v88-4218 320 $aIncludes text, bibliographical references, 3 ancillary maps, 3 tables, and 2 figures. 606 $aPrecipitation (Meteorology)$zTexas$vMaps 606 $aStreamflow$zTexas$vMaps 606 $aGroundwater flow$zTexas$vMaps 606 $aGroundwater flow$2fast 606 $aPrecipitation (Meteorology)$2fast 606 $aStreamflow$2fast 607 $aTexas$2fast 608 $aMaps.$2fast 608 $aMaps.$2lcgft 615 0$aPrecipitation (Meteorology) 615 0$aStreamflow 615 0$aGroundwater flow 615 7$aGroundwater flow. 615 7$aPrecipitation (Meteorology) 615 7$aStreamflow. 702 $aKuniansky$b Eve L. 801 0$bCOP 801 1$bCOP 801 2$bOCLCO 801 2$bOCLCF 801 2$bOCLCA 801 2$bGPO 906 $aBOOK 912 $a9910713758003321 996 $aPrecipitation, streamflow, and base flow in west-central Texas, December 1974 through March 1977$93349660 997 $aUNINA LEADER 03408nam 2200541 450 001 9910812743703321 005 20230814223055.0 010 $a3-11-057492-6 010 $a3-11-057607-4 024 7 $a10.1515/9783110576078 035 $a(CKB)4100000005043737 035 $a(MiAaPQ)EBC5157486 035 $a(DE-B1597)489429 035 $a(OCoLC)1046614167 035 $a(DE-B1597)9783110576078 035 $a(Au-PeEL)EBL5157486 035 $a(CaPaEBR)ebr11605165 035 $a(EXLCZ)994100000005043737 100 $a20180921d2018 uy 0 101 0 $aeng 135 $aurcnu|||||||| 181 $ctxt$2rdacontent 182 $cc$2rdamedia 183 $acr$2rdacarrier 200 14$aThe aesthetic use of the logical functions in Kant's third Critique /$fStephanie Adair 210 1$aBerlin ;$aBoston :$cDe Gruyter,$d[2018] 210 4$d©2018 215 $a1 online resource (314 pages) 225 0 $aKantstudien-Ergänzungshefte ;$v202 311 $a3-11-057479-9 327 $tFrontmatter -- $tAcknowledgement -- $tContents -- $tList of Abbreviations -- $tIntroduction -- $tChapter One: Renegotiating Kantian Constraints, Intuiting without Concepts -- $tChapter Two: Logical Functions of Judgment and the Layered Solution -- $tChapter Three: Pleasure Without Interest: Affirming a Negated Interest Through the Infinite Logical Function of Quality -- $tChapter Four: The Universal Validity of a Singular Judgment -- $tChapter Five: Disjunctivity and the Form of Purposiveness -- $tChapter Six: An Exemplary, Conditioned Necessity -- $tConcluding Remarks -- $tWorks Cited -- $tAbstract -- $tIndex 330 $aIn the third Critique Kant details an aesthetic operation of judgment that is surprising considering how judgment functioned in the first Critique. In this book, I defend an understanding of Kant's theory of Geschmacksurteil as detailing an operation of the faculties that does not violate the cognitive structure laid out in the first Critique. My orientation is primarily epistemological, elaborating the determinations that govern the activity of pure aesthetic judging that specify it as a "bestimmte" type of judgment without transforming it into "ein bestimmendes Urteil". I focus on identifying how the logical functions from the table of judgments operate in the pure aesthetic judgment of taste to reveal "the moments to which this power of judgment attends in its reflection" (CPJ, 5:203). In the course of doing so, a picture emerges of how the world is not just cognizable in a Kantian framework but also charged with human feeling, acquiring the inexhaustible, inchoate meaningfulness that incites "much thinking" (CPJ, 5:315). The universal communicability of aesthetic pleasure serves as the foundation that grounds robust intersubjective relations, enabling genuine connection to others through a shared a priori feeling. 606 $aJudgment (Aesthetics) 606 $aJudgment (Logic) 610 $aKant, Immanuel. 610 $aaesthetics. 610 $aepistemology. 615 0$aJudgment (Aesthetics) 615 0$aJudgment (Logic) 676 $a111.85092 700 $aAdair$b Stephanie$01663612 801 0$bMiAaPQ 801 1$bMiAaPQ 801 2$bMiAaPQ 906 $aBOOK 912 $a9910812743703321 996 $aThe aesthetic use of the logical functions in Kant's third Critique$94021050 997 $aUNINA